Aasian maantiedettä kirjaimittain - L - Statistics

Yleistilastot
  • Tätä visaa on pelattu 400 kertaa
  • Keskiarvotulos 10 / 20
Vastaustilastot
Vihje Vastaus % Oikein
Israelin ja Syyrian naapurimaa Libanon
93%
Indokiinan sisämaavaltio Laos
88%
Turkin valuutta Liira
83%
Laajempi alue, joka koostuu muun muassa Arabiasta, yllä olevasta ja Iranista Lähi-itä
76%
Usein Kiinaa edustava taruolento Lohikäärme
76%
Tiibetinbuddhalaisuuden uskonnollinen johtaja Lama
62%
Tiibetin suurin kaupunki Lhasa
61%
Toinen Palestiinan alueista Länsiranta
58%
Keski-Aasian vuoristoissa elävä iso kissaeläin, joka on Afganistanin kansalliseläin Lumileopardi
52%
Pakistanin toiseksi suurin kaupunki Lahore
51%
Intian kansalliskukka Lootus
49%
Toiseksi yleisin sukunimi Koreassa Lee
45%
Baikalvuoristosta alkunsa saava Siperian joki Lena
43%
Filippiinien suurin ja väkirikkain saari Luzon
41%
Singaporen lempinimi (ja kaupungin nimen merkitys malaijiksi) {Leijona}kaupunki
38%
Kyproksen suurin satamakaupunki Limassol
38%
Israelin, Jordanian, Syyrian sekä yllä olevan muodostama maantieteellinen alue Levantti
24%
Israelin pääkonservatiivipuolue Likud
23%
Uttar Pradeshin osavaltion pääkaupunki Intiassa Lucknow
22%
Meri Malediivien, Intian ja Sri Lankan välissä {Lakkadiivien}meri
19%
Ehtoja vastaavia visoja ei löytynyt
Tulosjakauma
Jokaisen tuloksen saaneiden osuus
Persentiili vastausten määrän mukaan
Tuloshistoriasi
Et ole pelannut tätä visaa